<?xml version="1.0" encoding="UTF-8"?>
<collection xmlns:xsi="http://www.w3.org/2001/XMLSchema-instance" xsi:schemaLocation="http://www.loc.gov/MARC21/slim http://www.loc.gov/standards/marcxml/schema/MARC21slim.xsd" xmlns="http://www.loc.gov/MARC21/slim">
 <record>
  <leader>00000cam a22000004i 4500</leader>
  <controlfield tag="001">UP-99796217610411647</controlfield>
  <controlfield tag="003">Buklod</controlfield>
  <controlfield tag="005">20120717103033.0</controlfield>
  <controlfield tag="006">m    |q  d |      </controlfield>
  <controlfield tag="007">ta</controlfield>
  <controlfield tag="008">761028s1974    dcua    rb   |100 0|eng d</controlfield>
  <datafield tag="035" ind1=" " ind2=" ">
   <subfield code="a">(iLib)UPD-00187105195</subfield>
  </datafield>
  <datafield tag="040" ind1=" " ind2=" ">
   <subfield code="a">DLC</subfield>
   <subfield code="c">DLC</subfield>
   <subfield code="d">CU-IT</subfield>
   <subfield code="d">NCTS LIBRARY</subfield>
  </datafield>
  <datafield tag="110" ind1="2" ind2=" ">
   <subfield code="a">National Research Council (U.S.).</subfield>
   <subfield code="b">Highway Research Board.</subfield>
  </datafield>
  <datafield tag="245" ind1="1" ind2="0">
   <subfield code="a">Interactive graphics and transportation system planning</subfield>
   <subfield code="b">7 reports prepared for the 53rd Annual Meeting of the Highway Research Board.</subfield>
  </datafield>
  <datafield tag="264" ind1=" " ind2="1">
   <subfield code="a">Washington</subfield>
   <subfield code="b">Transportation Research Board, National Research Council</subfield>
   <subfield code="c">1974.</subfield>
  </datafield>
  <datafield tag="300" ind1=" " ind2=" ">
   <subfield code="a">iv, 80 p.</subfield>
   <subfield code="b">ill.</subfield>
   <subfield code="c">25 cm.</subfield>
  </datafield>
  <datafield tag="490" ind1="0" ind2=" ">
   <subfield code="a">Transportation Research Record</subfield>
   <subfield code="v">no. 491</subfield>
  </datafield>
  <datafield tag="500" ind1=" " ind2=" ">
   <subfield code="a">Formerly issued as Highway Research Record</subfield>
  </datafield>
  <datafield tag="504" ind1=" " ind2=" ">
   <subfield code="a">Includes bibliographical references.</subfield>
  </datafield>
  <datafield tag="650" ind1=" " ind2="0">
   <subfield code="a">Traffic engineering</subfield>
   <subfield code="x">Data processing</subfield>
   <subfield code="x">Congresses.</subfield>
  </datafield>
  <datafield tag="650" ind1=" " ind2="0">
   <subfield code="a">Transportation planning</subfield>
   <subfield code="x">Congresses.</subfield>
  </datafield>
  <datafield tag="690" ind1="0" ind2="1">
   <subfield code="a">Transportation</subfield>
   <subfield code="x">Planning.</subfield>
  </datafield>
  <datafield tag="690" ind1="0" ind2="1">
   <subfield code="a">Computers</subfield>
   <subfield code="x">Use in transportation planning.</subfield>
  </datafield>
  <datafield tag="852" ind1="0" ind2=" ">
   <subfield code="a">UPD</subfield>
   <subfield code="b">NCTS</subfield>
  </datafield>
  <datafield tag="942" ind1=" " ind2=" ">
   <subfield code="a">Book</subfield>
  </datafield>
 </record>
</collection>
